POWER SYSTEM PROTECTION AND SWITCHGEAR (Record no. 221427)

MARC details
000 -LEADER
fixed length control field 00289nam a2200121Ia 4500
008 - FIXED-LENGTH DATA ELEMENTS--GENERAL INFORMATION
fixed length control field 230303s9999 xx 000 0 und d
041 ## - LANGUAGE CODE
Language code of text/sound track or separate title eng
082 ## - DEWEY DECIMAL CLASSIFICATION NUMBER
Classification number 621.3121 RAM
100 ## - MAIN ENTRY--PERSONAL NAME
Personal name RAM(BADRI)
245 ## - TITLE STATEMENT
Title POWER SYSTEM PROTECTION AND SWITCHGEAR
260 ## - PUBLICATION, DISTRIBUTION, ETC.
Place of publication, distribution, etc. CHENNAI
Name of publisher, distributor, etc. MGH
365 ## - TRADE PRICE
Currency code RS
Holdings
Withdrawn status Lost status Damaged status Not for loan Home library Current library Date acquired Cost, normal purchase price Total Checkouts Full call number Barcode Date last seen Price effective from Koha item type
        College of Engineering, New Delhi College of Engineering, New Delhi 07/03/2023 535.00   621.3121 RAM ECD-BB34118 07/03/2023 07/03/2023 Book